100 najvplyvnejších žien

Výročný rebríček výnimočných žien, ktoré udávajú nové pravidlá hry a hlavou proti múru sa presadzujú na svetovej scéne. Rebríček je zostavený na základe ich financií a vplyvu.

Gespeichert in:
Bibliographische Detailangaben
1. Verfasser: Howard, Caroline
Format: Buchkapitel
Sprache:Slowakisch
Schlagworte:
Tags: Tag hinzufügen
Keine Tags, Fügen Sie das erste Tag hinzu!

MARC

LEADER 00000naa a2200000 4500
001 0192981
005 20231013091130.2
041 0 |a slo 
044 |a SK 
245 1 0 |a 100 najvplyvnejších žien  |c Caroline Howard 
520 |a Výročný rebríček výnimočných žien, ktoré udávajú nové pravidlá hry a hlavou proti múru sa presadzujú na svetovej scéne. Rebríček je zostavený na základe ich financií a vplyvu. 
610 2 0 |a manažéri 
610 2 0 |a ženy 
610 2 0 |a podnikatelia 
610 2 0 |a podnikanie 
610 2 0 |a politika 
610 2 0 |a financie 
610 2 0 |a banky 
610 2 0 |a organizácie medzinárodné 
100 1 |a Howard, Caroline